| 000 | 00692cam a2200253 4500 | ||
|---|---|---|---|
| 008 | #DATE n1998 000 0 eng u | ||
| 020 | _a0939970732 | ||
| 035 | _a(Sirsi) u120172 | ||
| 041 | _aeng | ||
| 050 | _a634.9 | ||
| 245 | _aDictionary of forestry | ||
| 260 |
_aWallingford _bCABI Publishing _c1998 |
||
| 300 |
_aix,210p. _c25cm. |
||
| 350 | _a30 | ||
| 520 | _aA useful reference to 4,500 terms used in the broad field of forest science, management, and conservation. | ||
| 650 | _aDICTIONARIES | ||
| 650 | _aTERMINOLOGY | ||
| 650 | _aFORESTRY | ||
| 650 | _aFORESTS | ||
| 650 | _aCONSERVATION | ||
| 690 |
_aRural _96268 |
||
| 700 |
_aHelms, J.A. _xEditor |
||
| 942 | _n0 | ||
| 999 |
_c102495 _d102495 |
||